Trust God for your finances

Сохранить в:
Библиографические подробности
Главный автор: Jack Hartman
Формат:
Язык:Undetermined
Опубликовано: Manchester, New Hampshire Lamplight 1973
Предметы:
Метки: Добавить метку
Нет меток, Требуется 1-ая метка записи!
Thư viện lưu trữ: Trung tâm Học liệu Trường Đại học Cần Thơ
LEADER 00486nam a2200181Ia 4500
001 CTU_43424
008 210402s9999 xx 000 0 und d
082 |a 200.19 
082 |b H333 
100 |a Jack Hartman 
245 0 |a Trust God for your finances 
245 0 |c Jack Hartman 
260 |a Manchester, New Hampshire 
260 |b Lamplight 
260 |c 1973 
650 |a psychology, religious 
904 |i Minh, 010907 
980 |a Trung tâm Học liệu Trường Đại học Cần Thơ